States in a free association - Statistics

General Stats
  • This quiz has been taken 20 times
    12 since last reset
  • The average score is 19 of 20
Answer Stats
Answer % Correct
Andorra
100%
Australia
100%
France
100%
Italy
100%
Liechtenstein
100%
Monaco
100%
Nauru
100%
New Zealand
100%
San Marino
100%
Spain
100%
United States
100%
Vatican City
100%
Cook Islands
88%
Kiribati
88%
Marshall Islands
88%
Micronesia
88%
Palau
88%
Niue
75%
Samoa
75%
Switzerland
75%
No matching quizzes found
Score Distribution
Percent of People with Each Score
Percentile by Number Answered
Your Score History
You have not taken this quiz since the last reset